10 największych miast województwa Wielkopolskiego - Statystyki

Ogólne statystyki
  • Ten quiz został rozwiązany 32 razy
  • Średni wynik to 8 z 10
Statystyki odpowiedzi
Ludność Odpowiedź % Poprawnych
536 818 Poznań
100%
92 533 Kalisz
97%
69 748 Piła
97%
66 606 Konin
93%
63 143 Gniezno
87%
59 840 Leszno
77%
68 949 Ostrów Wielkopolski
73%
28 060 Krotoszyn
57%
32 849 Luboń
53%
31 759 Września
43%
Nie znaleziono quizów pasujących do podanych kryteriów
Rozkład punktacji
Procent ludzi z każdym wynikiem
Percentyl według liczby udzielonych odpowiedzi
Twoja historia wyników
Nie rozwiązałeś tego quizu